| 000 | 00590nam a2200145 a 4500 | ||
|---|---|---|---|
| 001 | 5003 | ||
| 003 | CDMR | ||
| 005 | 20131030111141.0 | ||
| 008 | 130130s1997||||||||||||||||||||||||||||d | ||
| 040 |
_aCDMR _bcat _cCDMR |
||
| 245 | 0 | 3 |
_aLa celebración de los juicios y su tratamiento por televisión _b: dictamen emitido por el Consejo de lo Audiovisual de Cataluña : Informe sobre el tratamiento televisivo del juicio del crimen de Alcàsser |
| 260 |
_aBarcelona _c1997 _bConsell de l'Audiovisual de Catalunya |
||
| 650 | 0 | 4 |
_94196 _aDelicte en els mitjans de comunicació de massa |
| 942 |
_cMON _2udc |
||
| 999 |
_c5003 _d5003 |
||